Comercialización y movimiento coyuntural del cacao /

Saved in:
Bibliographic Details
Main Author: Quesada Camacho, Juan Rafael
Format: Text
Tags: Add Tag
No Tags, Be the first to tag this record!

MARC

LEADER 00000 a a2200000 04500
001 15713
003
040
100 |a Quesada Camacho, Juan Rafael  
245 |a Comercialización y movimiento coyuntural del cacao /  |c Juan Rafael Quesada Camacho 
773 |g número 6; páginas 69-110  
999 |c 33625  |d 33625